| 000 | 00690nam a2200241 a 4500 | ||
|---|---|---|---|
| 001 | 49563 | ||
| 003 | BD-RjUL | ||
| 005 | 20211209054709.0 | ||
| 008 | 160821s1976 nyu b 001 0 eng | ||
| 035 | _a(BD-RjUL)49682 | ||
| 040 |
_aDLC _cDLC _dBD-RjUL _beng |
||
| 041 | _aeng | ||
| 082 | 0 | 0 |
_a361.3 _bMES 1976 _223 |
| 100 | 1 |
_aMeyer, Carol H., _d1924- _927760 |
|
| 245 | 1 | 0 |
_aSocial work practice : _bthe changing landscape / _cCarol H. Meyer. |
| 250 | _a2nd ed. | ||
| 260 |
_aNew York : _bFree Press, _cc1976 |
||
| 300 |
_axv, 268 p. ; _c21 cm. |
||
| 504 | _aIncludes bibliographical references and index. | ||
| 650 | 0 |
_aSocial service. _927761 |
|
| 942 |
_2ddc _cBK |
||
| 999 |
_c49563 _d49563 |
||